Novelizácia IAS 1 a predstavenie návrhu zmien pravidiel pre spoločné podniky

Zhrnutie všetkých zmien vyplývajúcich z novelizácie IAS 1 Prezentácia účtovnej závierky (Presentation of financial statments), ktorú Rada pre medzinárodné účtovné štandardy (IASB) prijala vo finálnej podobe v septembri 2007. Predstavuje ďalšiu pomerne zásadnú zmenu v IFRS pravidlách na ktoré sú súč...

Ausführliche Beschreibung

Gespeichert in:
Bibliographische Detailangaben
1. Verfasser: Mokošová, Daša, 1979-
Weitere Verfasser: Vašek, Libor
Format: Buchkapitel
Sprache:Slowakisch
Schlagworte:
Tags: Tag hinzufügen
Keine Tags, Fügen Sie das erste Tag hinzu!

MARC

LEADER 00000naa$a2200000$$$4500
001 0067204
005 20240502071815.3
041 0 |a slo 
044 |a SK 
245 1 0 |a Novelizácia IAS 1 a predstavenie návrhu zmien pravidiel pre spoločné podniky  |c Daša Mokošová, Libor Vašek 
520 |a Zhrnutie všetkých zmien vyplývajúcich z novelizácie IAS 1 Prezentácia účtovnej závierky (Presentation of financial statments), ktorú Rada pre medzinárodné účtovné štandardy (IASB) prijala vo finálnej podobe v septembri 2007. Predstavuje ďalšiu pomerne zásadnú zmenu v IFRS pravidlách na ktoré sú súčasní užívatelia zvyknutí. 
610 2 0 |a podnik spoločný 
610 2 0 |a štandardy účtovné medzinárodné 
610 2 0 |a pravidlá účtovné 
610 2 0 |a normy účtovné 
610 2 0 |a závierka účtovná 
100 1 |a Mokošová, Daša, 1979- 
700 1 |a Vašek, Libor